000 00444pab a2200157 454500
008 180718b1985 xxu||||| |||| 00| 0 eng d
100 _aRamasubban, Radhika
245 _aMortality toll of cities
_bEmerging patterns of disease in Bombay
260 _c1985
300 _a999-1005
362 _a8 June
650 _aVital Statistics - India - Maharashtra
700 _aNigel Crook
773 _aEconomic and Political Weekly
909 _a20297
999 _c20297
_d20297